000 02988nam a2200349 a 4500
001 000035751
003 DO-SdBPM
005 20250618124714.0
007 ta
008 111110s2011 dr 001 m spa d
020 _a9789945423211
040 _aDO-SdBPM
_bspa
_cBPMSU
_drda
082 4 _aRD860.4409
_bC422e 2011
_222
100 1 _aCéspedes, Diógenes,
_d1941-
_eautor
245 1 0 _aEstudios linguísticos, literarios, culturales y semióticos /
_cDiógenes Céspedes.
264 _aSanto Domingo :
_bUniversidad APEC,
_c2011
300 _a470 páginas :
_bilustraciones ;
_c24 cm.
336 _atexto
_btxt
_2rdacontent
337 _asin mediación
_bn
_2rdamedia
338 _avolumen
_bnc
_2rdacarrier
500 _aIncluye referencias bibliográficas y notas al pie de las páginas.
505 0 _aLingüística 17|Por una reforma de la ortografía española 19|Mitos lingüísticos en los diarios y otros escritos de Colón 37|Discurso de ingreso de Diógenes Céspedes a la Academia Dominicana de Lengua 59|Lingüística, poética, crítica literaria y gramática a partir del siglo XXI 59|Hay que volver a Saussure : el triste caso de la lingüística hispanoamericana 95|Diccionario de dominicanismos, de Carlos Esteban Deive 111|Irving A. Leonard : un libro ejemplar sobre libros 115|Lo nuevo y lo viejo en el sociolecto de la juventud 123|Estudios poéticos 147|"La mancha indeleble" : valor poético y modernidad de la narrativa latinoamericana 149|Crítica al "concepto" político de identidad 161|Mario Vargas Llosa o la subordinación de la ficción a la historia 177|La dimensión de la ficción y su práctica en Pedro Henríquez Ureña 187|Vigencia de Juan Sánchez Lamouth : una mirada a su época (y a la nuestra) 235|Presentación de la novela "Guerrilla nuestra de cada día", de Efraim Castillo 2553|Discurso ante los invitados al acto de inauguración de la Decimotercera Conferencia de la Asociación Internacional de Literatura Femenina Hispánica 255|Obras y autores dominicanos sobresalientes de los siglos XX y XXI 261|Las novelas de Lacay Polanco 287|Manolo, novela intrahistórica de Edwin Disla 295|La crítica de lo político en tres poemas escénicos de Franklin Mieses Burgos : la ciudad inefable, El héroe, Medea 311|Valor literario y latinoamericanismo en siete cuentos y medio de Juan Bosch 337|Cultura y semiótica 383|El proyecto sociopolítico de Adalberto Chapuseaux 385|Un prólogo necesario : receta para no ser racista 413|La caricatura periodística dominicana hoy día 419
590 _aInventariado, 2025/VM
650 7 _aLiteratura dominicana.
650 7 _aPoesía latinoamericana
_xHistoria y crítica
650 7 _aAutores latinoamericanos
_xHistoria y crítica
650 4 _aLenguaje y cultura
_xEnsayos, conferencias, etc.
650 4 _aLinguística
_xEnsayos, conferencias, etc.
650 4 _aSemiótica y literatura
_xEnsayos, conferencias, etc.
910 _aVMateo V. Control de calidad BPMSU
942 _2ddc
_cBK
999 _c15185
_d15185